000 01251nam a2200313 a 4500
008 951122s1986||||[C 0 slo c
020 _c110 Kčs.
_q(30000 výtl.)
040 _aSNK
_bslo
_cSNK
_eAACR2
041 1 _aslo
_hslo
044 _axo
_cSK
080 _a719(437.6)(084.12)
080 _a779
100 1 _aFrický, Alexander
_4aut
245 1 0 _aMestské pamiatkové rezervácie na Slovensku
_cAlexander Frický ; Alexander Frický, Ladislav Deneš, Dionýz Dugas, milan Fabian, Miro Gregor, Alexander Jiroušek, Ladislav Jiroušek, Jozef Krátky, Štefan Pavelka
250 _a1., vyd.
260 _aMartin
_bOsveta
_c1986
_eMartin
_fTlačiarne SNP
300 _a232 s., 51,79 AH
_bFot.
_c29 cm
500 _aLit. 48. Rozlož. faksim. rytín na tit. liste, front. a predsádkach. Vysvetl. odb. výrazov. Res. a zozn. ilustr. rus., nem., angl. a maď. 48 zázn. v slov., češ., nem., maď.
700 1 _aFrický, Alexander
_4com
700 1 _aDeneš, Ladislav
_4bkd
700 1 _aDugas, Dionýz
_4bkd
700 1 _aFabian, milan
_4bkd
700 1 _aGregor, Miro
_4bkd
700 1 _aJiroušek, Alexander
_4bkd
700 1 _aJiroušek, Ladislav
_4bkd
700 1 _aKrátky, Jozef
_4bkd
700 1 _aPavelka, Štefan
_4bkd
958 _aA
999 _c15033
_d15033